| 000 | 00821nam0a22002651 4500 | ||
|---|---|---|---|
| 001 | rc\3058200 | ||
| 005 | 20250806202523.0 | ||
| 035 | _a(NLR Aleph) 007197165 | ||
| 090 |
_a12049 _c12049 |
||
| 100 | _a20111013d1941 u y0rusy50 ca | ||
| 101 | 0 | _arus | |
| 102 | _aRU | ||
| 105 | _aa z ||||| | ||
| 200 | 1 |
_aБоец и отделение в ночном бою _fПолк. К.И. Оглоблин |
|
| 205 | _a2-е изд. | ||
| 210 |
_aУлан-Удэ _cБургиз _d1941 |
||
| 215 |
_a49, [3] с. _cил. _d14 см |
||
| 700 | 1 |
_aОглоблин _bК.И. _gКонстантин Иванович |
|
| 801 | 0 |
_aRU _bNLR _gpsbo |
|
| 801 | 1 |
_aRU _bELAR _2rusmarc |
|
| 852 |
_aNLR _jВ60 Г-2/218 |
||
| 942 | _cBOOK | ||
| 945 | _aРоссийская национальная библиотека | ||
| 980 | _aNB | ||
| 980 | _aBV | ||